000 00468nam a2200169 i 4500
001 39479
003 ES-MaACL
005 20230906160009.0
007 t|
008 030303s1942 sp ||||1| spa d
100 1 _aCano, José Luis,
_d1912-1999
_934532
245 1 0 _aSonetos de la Bahía /
_cJosé Luis Cano.
260 _aMadrid :
_b[s.n.,
_c1942] (
_fImp. S. Aguirre)
300 _a83 p. ;
_c23 cm.
852 _aES-MaACL
_j1816-F-24
999 _c39479
_d39479